Southville International School and Colleges
Your cart is empty.
  • Cart
  • Lists
    Public lists Eva Luna New books Lux_list list_1
    Your lists Log in to create your own lists
  • Log in to your account
  • Your cookies
  • Search history
Southville International School and Colleges
  • Advanced search
  • Recent comments
  • Most popular
  • Libraries

Log in to your account

Log in with GOOGLE


If you do not have an external account, but do have a local account, you can still log in:

  1. Home
  2. MARC view: A tourism development plan for the manila zoological and botanical garden /
Normal view MARC view ISBD view

A tourism development plan for the manila zoological and botanical garden / (Record no. 329728)

[ view plain ]
MARC details
000 -LEADER
fixed length control field 00652nam a2200205Ia 4500
008 - FIXED-LENGTH DATA ELEMENTS--GENERAL INFORMATION
fixed length control field 170504s9999 xx 000 0 und d
050 ## - LIBRARY OF CONGRESS CALL NUMBER
Classification number HD 30.28
050 ## - LIBRARY OF CONGRESS CALL NUMBER
Item number .Il27 2016
100 ## - MAIN ENTRY--PERSONAL NAME
Personal name Ilago, Kent Mozart.
245 #2 - TITLE STATEMENT
Title A tourism development plan for the manila zoological and botanical garden /
245 ## - TITLE STATEMENT
Statement of responsibility, etc Kent Mozart Ilago, Sushila Maxelle Quilat, Mary Rosebelle Reyes, Marvelyn Talamayan.
260 ## - PUBLICATION, DISTRIBUTION, ETC. (IMPRINT)
Place of publication, distribution, etc Las Piñas, Philippines :
260 ## - PUBLICATION, DISTRIBUTION, ETC. (IMPRINT)
Name of publisher, distributor, etc SISC,
260 ## - PUBLICATION, DISTRIBUTION, ETC. (IMPRINT)
Date of publication, distribution, etc 2016.
300 ## - PHYSICAL DESCRIPTION
Extent 85 pages :
300 ## - PHYSICAL DESCRIPTION
Other physical details illustrations ;
300 ## - PHYSICAL DESCRIPTION
Dimensions 28 cm.
500 ## - GENERAL NOTE
General note Includes bibliographical references and appendices.
521 ## - TARGET AUDIENCE NOTE
Target audience note Tourism

No items available.

A tourism development plan for the manila zoological and botanical garden /

APA

Ilago K. M., .A tourism development plan for the manila zoological and botanical garden. Las Piñas, Philippines: .

Chicago

Ilago Kent Mozart, .A tourism development plan for the manila zoological and botanical garden. Las Piñas, Philippines: .

Harvard

Ilago K. M., .A tourism development plan for the manila zoological and botanical garden. Las Piñas, Philippines: .

MLA

Ilago Kent Mozart, .Las Piñas, Philippines: . .

  • Print
  • Cite
  • Add to your cart (remove)
  • Save record
    BIBTEX Dublin Core MARCXML MARC (non-Unicode/MARC-8) MARC (Unicode/UTF-8) MARC (Unicode/UTF-8, Standard) MODS (XML) RIS
  • More searches
    Search for this title in:
    Other Libraries (WorldCat) Other Databases (Google Scholar) Online Stores (Bookfinder.com) Open Library (openlibrary.org)

Exporting to Dublin Core...

SOUTHVILLE LIBRARY

Southville International School and Colleges Library

1281 Tropical Ave. Cor. Luxembourg St., BF Homes International, Las Pinas City

Tel. No. 8256374 / 252358 Loc. 117/146

Powered by Koha